[Event "Asia Cities-ch 20th"]
[Site "Bhubaneswar"]
[Date "2017.09.01"]
[Round "9.2"]
[White "Swayams, Mishra"]
[Black "Pattnaik, Ashis"]
[Result "1-0"]
[WhiteElo "2455"]
[BlackElo "1219"]
[PlyCount "21"]
[EventDate "2017.08.26"]
[EventType "team-swiss"]
[EventRounds "9"]
[EventCountry "IND"]
[SourceTitle "CBM 180 Extra"]
[Source "ChessBase"]
[SourceDate "2017.10.06"]
[SourceVersion "1"]
[SourceVersionDate "2017.10.06"]
[SourceQuality "1"]
[WhiteTeam "Bhubaneswar KIIT"]
[BlackTeam "Puri"]
[WhiteTeamCountry "IND"]
[BlackTeamCountry "IND"]

1. e4 e5 2. Nf3 Nc6 3. Nc3 Bc5 4. Nxe5 Nxe5 5. d4 Bxd4 6. Qxd4 Qf6 7. Be3 Ng4 8. Nd5 Qxd4 9. Bxd4 N4f6 10. Nxc7+ Kd8 11. Nxa8 1-0